[Event "Hamar Ridabu School B"]
[Site "Hamar"]
[Date "2019.10.17"]
[Round "4"]
[White "Tungard, Christer"]
[Black "Solbakken, Per"]
[Result "0-1"]
[WhiteElo "1186"]
[BlackElo "1348"]
[PlyCount "70"]
[EventDate "2019.09.05"]
[EventType "swiss"]
[EventRounds "7"]
[EventCountry "NOR"]
[SourceTitle "EXT 2024"]
[Source "ChessBase"]
[SourceDate "2023.10.10"]
[SourceVersion "1"]
[SourceVersionDate "2023.10.10"]
[SourceQuality "1"]

1. d4 d5 2. Bf4 Nf6 3. Nc3 a6 4. Nf3 Bf5 5. e3 Nbd7 6. Bd3 Bg4 7. h3 Bxf3 8. Qxf3 e6 9. Bg5 Be7 10. 0-0-0 0-0 11. Bxf6 Nxf6 12. g4 Nd7 13. e4 c6 14. e5 b5 15. Rh2 b4 16. Na4 Qa5 17. b3 c5 18. Qe3 c4 19. Be2 Rac8 20. Kb1 cxb3 21. Qxb3 f6 22. h4 fxe5 23. dxe5 Nxe5 24. g5 Nc4 25. Nb2 Na3+ 26. Kc1 Rxc2+ 27. Qxc2 Nxc2 28. Kxc2 Rc8+ 29. Kb1 Qc5 30. Bd3 Bd6 31. f4 Qa7 32. Rf1 g6 33. h5 Bxf4 34. Rhf2 Qxf2 35. Rxf2 Rc1# 0-1

[Event "Hamar Ridabu School B"]
[Site "Hamar"]
[Date "2019.09.19"]
[Round "2"]
[White "Skjerve, Vemund"]
[Black "Solbakken, Per"]
[Result "0-1"]
[WhiteElo "1192"]
[BlackElo "1348"]
[PlyCount "86"]
[EventDate "2019.09.05"]
[EventType "swiss"]
[EventRounds "7"]
[EventCountry "NOR"]
[SourceTitle "EXT 2024"]
[Source "ChessBase"]
[SourceDate "2023.10.10"]
[SourceVersion "1"]
[SourceVersionDate "2023.10.10"]
[SourceQuality "1"]

1. e4 c5 2. Nf3 Nc6 3. Bc4 e6 4. d3 Qc7 5. Nc3 a6 6. Be3 Nf6 7. Qd2 d6 8. Bb3 b5 9. a3 Ng4 10. h3 Nxe3 11. Qxe3 Be7 12. a4 b4 13. Ne2 a5 14. Bc4 Ba6 15. Bb5 0-0 16. Nf4 Bf6 17. Rb1 Bxb5 18. axb5 Nd4 19. Nxd4 Bxd4 20. Qg3 g6 21. Ne2 Bg7 22. c4 a4 23. 0-0 a3 24. bxa3 Rxa3 25. Ra1 Bxa1 26. Rb1 Be5 27. f4 Bg7 28. h4 Ra1 29. Rxa1 Bxa1 30. h5 Bg7 31. hxg6 fxg6 32. Qg4 Re8 33. f5 exf5 34. exf5 gxf5 35. Qh5 Qe7 36. Ng3 Qe1+ 37. Kh2 Qe5 38. b6 b3 39. Qd1 b2 40. Qb3 f4 41. Kg1 Qe1+ 42. Nf1 Bd4+ 43. Kh2 Qh4# 0-1

[Event "Hamar CC-ch B"]
[Site "Hamar"]
[Date "2017.02.16"]
[Round "4"]
[White "Solbakken, Per"]
[Black "Floen, Frode"]
[Result "0-1"]
[WhiteElo "1123"]
[BlackElo "1156"]
[PlyCount "70"]
[EventDate "2017.01.05"]
[EventType "swiss"]
[EventRounds "9"]
[EventCountry "NOR"]
[SourceTitle "EXT 2024"]
[Source "ChessBase"]
[SourceDate "2023.10.10"]
[SourceVersion "1"]
[SourceVersionDate "2023.10.10"]
[SourceQuality "1"]

1. d4 d5 2. Bf4 Nc6 3. Nf3 Bg4 4. Nbd2 Nf6 5. c3 a6 6. h3 Bh5 7. Qc2 e6 8. e3 Bd6 9. Ne5 Bxe5 10. dxe5 Nd7 11. Qa4 b5 12. Qa3 Ndxe5 13. g4 Bg6 14. Be2 a5 15. Bxb5 Nd3+ 16. Bxd3 Bxd3 17. Nf3 Be4 18. Ke2 e5 19. Bxe5 Bxf3+ 20. Kxf3 Nxe5+ 21. Ke2 Qf6 22. f4 Qa6+ 23. Kf2 Nc4 24. Qa4+ c6 25. b3 Nd6 26. Rad1 Ne4+ 27. Kf3 Nxc3 28. Qd4 Qe2+ 29. Kg3 Ne4+ 30. Kh4 Qf2+ 31. Kh5 g6+ 32. Kh6 Qh4+ 33. Kg7 Kd7 34. Qxe4 Rhg8+ 35. Kxf7 Raf8# 0-1

[Event "Hamar op B"]
[Site "Hamar"]
[Date "2016.10.06"]
[Round "3"]
[White "Haukenes, Elias"]
[Black "Solbakken, Per"]
[Result "0-1"]
[WhiteElo "1098"]
[BlackElo "1101"]
[PlyCount "62"]
[EventDate "2016.09.01"]
[EventType "swiss"]
[EventRounds "7"]
[EventCountry "NOR"]
[SourceTitle "EXT 2024"]
[Source "ChessBase"]
[SourceDate "2023.10.10"]
[SourceVersion "1"]
[SourceVersionDate "2023.10.10"]
[SourceQuality "1"]

1. d4 Nf6 2. Nf3 d5 3. Bf4 Nbd7 4. e3 e6 5. Nbd2 c5 6. c3 cxd4 7. cxd4 Bb4 8. Ne5 0-0 9. Bd3 Re8 10. 0-0 Nxe5 11. Bxe5 Bd7 12. Rc1 Bc6 13. a3 Be7 14. Nb3 Ba4 15. Bc2 Nd7 16. Qd3 f5 17. Nd2 Nxe5 18. dxe5 Bc6 19. f4 Qb6 20. b4 Bb5 21. Qb3 Bxf1 22. Nxf1 Rac8 23. Qa4 Red8 24. Rd1 Rc4 25. Rd3 Rxf4 26. Nd2 Rg4 27. Kh1 a5 28. e4 Qf2 29. g3 Qe1+ 30. Kg2 fxe4 31. Rxd5 exd5 0-1

[Event "Hamar Ridabu School-ch B"]
[Site "Hamar"]
[Date "2016.05.12"]
[Round "9"]
[White "Orsleie, Sivert Nikolai"]
[Black "Solbakken, Per"]
[Result "0-1"]
[WhiteElo "1306"]
[BlackElo "1072"]
[PlyCount "36"]
[EventDate "2016.01.07"]
[EventType "swiss"]
[EventRounds "9"]
[EventCountry "NOR"]
[SourceTitle "EXT 2024"]
[Source "ChessBase"]
[SourceDate "2023.10.10"]
[SourceVersion "1"]
[SourceVersionDate "2023.10.10"]
[SourceQuality "1"]

1. d4 d6 2. c4 g6 3. Nc3 Bg7 4. Nf3 Nf6 5. Bg5 Nbd7 6. e3 0-0 7. Bd3 c6 8. 0-0 Re8 9. Qb3 c5 10. Qc2 cxd4 11. exd4 Qa5 12. Rfe1 Nb8 13. h3 Nc6 14. a3 Nxd4 15. Nxd4 Qxg5 16. Ndb5 Bxh3 17. g3 Qc5 18. b4 Qc6 0-1

[Event "Hamar op B"]
[Site "Hamar"]
[Date "2015.11.19"]
[Round "6"]
[White "Solbakken, Per"]
[Black "Frydendal, Odd"]
[Result "1-0"]
[WhiteElo "1055"]
[BlackElo "1346"]
[PlyCount "39"]
[EventDate "2015.09.03"]
[EventType "swiss"]
[EventRounds "7"]
[EventCountry "NOR"]
[SourceTitle "EXT 2024"]
[Source "ChessBase"]
[SourceDate "2023.10.10"]
[SourceVersion "1"]
[SourceVersionDate "2023.10.10"]
[SourceQuality "1"]

1. d4 Nf6 2. c4 c5 3. Nf3 cxd4 4. Nxd4 Nc6 5. Nc3 Qb6 6. e3 a6 7. Be2 e6 8. a3 Be7 9. 0-0 0-0 10. b4 d6 11. Re1 Bd7 12. Rb1 Qc7 13. Qd2 Rfc8 14. Bb2 Ne5 15. Rec1 Nxc4 16. Bxc4 Qxc4 17. Na4 Ne4 18. Qe1 Qd5 19. Nb6 Rxc1 20. Rxc1 1-0

[Event "Hamar Ridabu School-ch"]
[Site "Hamar"]
[Date "2015.05.07"]
[Round "9"]
[White "Solbakken, Per"]
[Black "Frydendal, Odd"]
[Result "0-1"]
[WhiteElo "1033"]
[BlackElo "1342"]
[PlyCount "90"]
[EventDate "2015.01.08"]
[EventType "swiss"]
[EventRounds "9"]
[EventCountry "NOR"]
[SourceTitle "EXT 2024"]
[Source "ChessBase"]
[SourceDate "2023.10.10"]
[SourceVersion "1"]
[SourceVersionDate "2023.10.10"]
[SourceQuality "1"]

1. e4 c5 2. Nf3 d6 3. Bc4 e6 4. c3 Nf6 5. d3 Qc7 6. Bf4 Nc6 7. 0-0 a6 8. h3 Be7 9. Re1 b5 10. Bb3 Ne5 11. Nxe5 dxe5 12. Bh2 0-0 13. Nd2 Rd8 14. Nf3 Bd6 15. Rc1 Bb7 16. a4 c4 17. Bc2 Rac8 18. d4 Nd7 19. Ng5 h6 20. Nf3 exd4 21. Bxd6 Qxd6 22. e5 Qc6 23. Be4 Qc7 24. cxd4 Nc5 25. Bxb7 Qxb7 26. axb5 Nd3 27. bxa6 Qxb2 28. Rc2 Qb6 29. Ree2 Qxa6 30. Qd2 Qb5 31. Re4 Nb4 32. Rc3 Nd5 33. Rc1 c3 34. Qe2 Qa5 35. Ne1 Qa3 36. Nd3 Nb4 37. Re1 Nxd3 38. Qxd3 Qb2 39. Rb1 c2 40. Rxb2 c1Q+ 41. Kh2 Qxb2 42. Qe3 Rc2 43. Rg4 Rxf2 44. Qxh6 Rxg2+ 45. Rxg2 Qxg2+ 0-1

[Event "Hamar Ridabu School-ch"]
[Site "Hamar"]
[Date "2015.04.09"]
[Round "7"]
[White "Opseth, Oliver"]
[Black "Solbakken, Per"]
[Result "0-1"]
[WhiteElo "927"]
[BlackElo "1033"]
[PlyCount "74"]
[EventDate "2015.01.08"]
[EventType "swiss"]
[EventRounds "9"]
[EventCountry "NOR"]
[SourceTitle "EXT 2024"]
[Source "ChessBase"]
[SourceDate "2023.10.10"]
[SourceVersion "1"]
[SourceVersionDate "2023.10.10"]
[SourceQuality "1"]

1. d4 Nf6 2. c4 g6 3. Nc3 Bg7 4. Bg5 c6 5. e4 Qa5 6. e5 Ne4 7. Bd2 Nxd2 8. Qxd2 0-0 9. Nf3 Na6 10. a3 Qd8 11. Bd3 d6 12. exd6 exd6 13. 0-0 Re8 14. Rfe1 Rxe1+ 15. Rxe1 Be6 16. Ng5 Nc7 17. Nxe6 Nxe6 18. d5 Nd4 19. Ne2 Qb6 20. Nxd4 Bxd4 21. dxc6 bxc6 22. b4 c5 23. b5 Kg7 24. Re7 a6 25. Qf4 Rf8 26. a4 axb5 27. axb5 Be5 28. Qe4 Qa5 29. f4 Qa1+ 30. Kf2 Qb2+ 31. Kf3 Bd4 32. Qe2 Qa3 33. Rd7 Qa8+ 34. Qe4 Qb8 35. Qd5 Qe8 36. Be4 Qxd7 37. b6 Rb8 0-1

[Event "Hamar op B"]
[Site "Hamar"]
[Date "2014.09.04"]
[Round "1"]
[White "Skjerve, Petter"]
[Black "Solbakken, Per"]
[Result "1/2-1/2"]
[WhiteElo "1254"]
[BlackElo "1004"]
[PlyCount "70"]
[EventDate "2014.09.04"]
[EventType "swiss"]
[EventRounds "9"]
[EventCountry "NOR"]
[SourceTitle "EXT 2024"]
[Source "ChessBase"]
[SourceDate "2023.10.10"]
[SourceVersion "1"]
[SourceVersionDate "2023.10.10"]
[SourceQuality "1"]

1. c4 e6 2. e4 c5 3. Nc3 Nc6 4. Nf3 a6 5. d3 Nf6 6. g3 b6 7. Bg2 Bb7 8. 0-0 Qc7 9. Bf4 e5 10. Bg5 Be7 11. Bxf6 Bxf6 12. Nd5 Qd8 13. Nxf6+ Qxf6 14. b3 h6 15. Rb1 d6 16. Bh3 Nd4 17. Nxd4 exd4 18. Bg2 0-0 19. e5 Qe7 20. exd6 Qd7 21. Bxb7 Qxb7 22. Qd2 Qc6 23. b4 Qxd6 24. b5 a5 25. a4 Rfe8 26. Rfe1 Qf6 27. Rxe8+ Rxe8 28. Re1 Rxe1+ 29. Qxe1 Qf5 30. Qe8+ Kh7 31. Qe4 Qxe4 32. dxe4 Kg6 33. f4 f5 34. e5 Kf7 35. Kf2 g5 1/2-1/2